Rzeki przepływające przez kilka stolic - Statystyki

Ogólne statystyki
  • Ten quiz został rozwiązany 39 razy
  • Średni wynik to 3 z 6
Statystyki odpowiedzi
Rzeka Stolice % Poprawnych
Dunaj WiedeńBratysława Budapeszt Belgrad
100%
Nil DżubaChartum Kair
73%
Mekong WientianPhnom Penh
46%
Kongo BrazzavilleKinszasa
30%
Niger BamakoNiamey
24%
Sawa LublanaZagrzeb Belgrad
16%
Nie znaleziono quizów pasujących do podanych kryteriów
Rozkład punktacji
Procent ludzi z każdym wynikiem
Percentyl według liczby udzielonych odpowiedzi
Twoja historia wyników
Nie rozwiązałeś tego quizu